Fluorescence method of studying void closure kinetics during film formation from high-T latex particles (Record no. 59483)

MARC details
000 -LEADER
fixed length control field 00478nam a2200157Ia 4500
100 ## - MAIN ENTRY--AUTHOR NAME
Personal name Pekcan O
245 #0 - TITLE STATEMENT
Title Fluorescence method of studying void closure kinetics during film formation from high-T latex particles
260 ## - PUBLICATION, DISTRIBUTION, ETC. (IMPRINT)
Name of publisher Journal of Applied Polymer Science
Year of publication 1997
300 ## - PHYSICAL DESCRIPTION
Number of Pages 655-661
650 ## - SUBJECT ADDED ENTRY--TOPICAL TERM
Topical Term Fluorescence
650 ## - SUBJECT ADDED ENTRY--TOPICAL TERM
Topical Term Latex film viscous flow
650 ## - SUBJECT ADDED ENTRY--TOPICAL TERM
Topical Term Voil closure
700 ## - ADDED ENTRY--PERSONAL NAME
Personal name Canpolat M
942 ## - ADDED ENTRY ELEMENTS (KOHA)
Koha item type Journals
Holdings
Withdrawn status Lost status Damaged status Not for loan Home library Current library Shelving location Date acquired Serial Enumeration / chronology Koha item type
      Journals RRII Library RRII Library Rubber chemistry 17/12/2021 Volume 66, Issue 4 Journals